[Event "Thüringenliga 2024/25"]
[Site "?"]
[Date "2025.03.02"]
[Round "6.1"]
[White "Franke, Luca"]
[Black "Bock, Marlon"]
[Result "1/2-1/2"]
[WhiteElo "2035"]
[BlackElo "2068"]
[PlyCount "85"]
[EventDate "2024.09.15"]
[EventType "team-tourn"]
[EventRounds "9"]
[WhiteTeam "SV 1861 Liebschwitz"]
[BlackTeam "SSV Vimaria 91 Weimar"]

{[%evp 0,34,20,22,19,6,11,18,14,23,29,9,23,57,31,25,18,35,25,41,54,0,83,46,58,26,14,10,22,9,9,26,3,-28,-9,5,29]} 1. e4 c5 2. Nf3 Nc6 3. d4 cxd4 4. Nxd4 Nf6 5. Nc3 e5 6. Ndb5 d6 7. Bg5 a6 8. Na3 b5 9. Bxf6 gxf6 10. Nd5 f5 11. exf5 Bxf5 12. c3 Bg7 13. Nc2 O-O 14. Nce3 Be6 15. Bd3 f5 16. Qh5 e4 17. Bc2 Bxd5 18. Nxd5 Qe8 19. Qxe8 Raxe8 20. Nc7 Re7 21. Bb3+ Kh8 22. Nd5 Re5 23. Rd1 Rd8 24. Nc7 Re7 25. Nxa6 Ra7 26. Nb4 Nxb4 27. cxb4 Bxb2 28. Ke2 Bc3 29. Rd5 Bxb4 30. Rxf5 Bc5 31. Rd1 Re8 32. g4 Rae7 33. h4 Re5 34. Rd5 Rxd5 35. Bxd5 h6 36. Bc6 Re7 37. Bxb5 e3 38. f3 Rb7 39. a4 Kg7 40. Kd3 Re7 41. Ke2 Rb7 42. Kd3 Re7 43. Ke2 1/2-1/2

[Event "Thüringenliga 2024/25"]
[Site "?"]
[Date "2025.03.02"]
[Round "6.2"]
[White "Philipp, Mathias"]
[Black "Hermannsdörfer, Frank"]
[Result "1-0"]
[WhiteElo "2208"]
[BlackElo "2091"]
[PlyCount "97"]
[EventDate "2024.09.15"]
[EventType "team-tourn"]
[EventRounds "9"]
[WhiteTeam "SSV Vimaria 91 Weimar"]
[BlackTeam "SV 1861 Liebschwitz"]

{[%evp 0,51,17,22,37,36,-36,31,36,85,43,47,27,40,50,11,35,36,32,41,41,39,54,44,64,57,72,7,70,-55,70,76,-50,80,97,-58,95,77,61,165,82,59,-41,42,79,89,91,86,90,97,114,117,124,106]} 1. e4 d6 2. d4 Nf6 3. Nc3 e5 4. dxe5 dxe5 5. Qxd8+ Kxd8 6. Bc4 Ke8 7. Bd2 Be6 8. Bxe6 fxe6 9. f3 a6 10. Be3 Nc6 11. O-O-O Bd6 12. Nh3 Ke7 13. Nf2 h6 14. Na4 Rhb8 15. Nd3 b6 16. b3 b5 17. Nac5 Nd7 18. h4 Nxc5 19. Bxc5 Rd8 20. h5 a5 21. Bf2 Rf8 22. c3 Rf7 23. Rh4 Nb8 24. Kc2 a4 25. b4 Nd7 26. Rhh1 Rg8 27. Rh3 g5 28. hxg6 Rxg6 29. g4 Kf8 30. Be3 Rh7 31. Rdh1 Nb6 32. Bxh6+ Kg8 33. Be3 Rxh3 34. Rxh3 Nc4 35. Bc1 Kg7 36. Kd1 Be7 37. Rh5 Bd6 38. Ke2 Rf6 39. Rh3 Rf7 40. Nb2 Nxb2 41. Bxb2 Kg6 42. Bc1 Bf8 43. Be3 Rd7 44. Rh8 Kg7 45. Rh6 Rd6 46. Rh5 Rc6 47. Kd3 Rd6+ 48. Kc2 Rc6 49. Bh6+ 1-0

[Event "Thüringenliga 2024/25"]
[Site "?"]
[Date "2025.03.02"]
[Round "6.3"]
[White "Kitzig, Tobias"]
[Black "Aepfler, Christian"]
[Result "0-1"]
[WhiteElo "1868"]
[BlackElo "2072"]
[PlyCount "120"]
[EventDate "2024.09.15"]
[EventType "team-tourn"]
[EventRounds "9"]
[WhiteTeam "SV 1861 Liebschwitz"]
[BlackTeam "SSV Vimaria 91 Weimar"]

{[%evp 0,102,19,27,20,36,24,66,41,-5,24,0,18,1,4,-6,11,-15,12,-12,-1,-38,-45,-43,-58,-62,-52,-72,-72,-27,-79,-91,-91,-128,-129,-111,-113,-120,-80,-153,-195,-199,-35,-235,-186,-203,-203,-271,-175,-305,-210,-90,-279,-275,-312,-120,-303,-314,-192,-246,-234,-224,-233,-240,-243,-348,-348,-387,-406,-556,-545,-550,-211,-198,-194,-280,-241,-240,-182,-310,-324,-441,-468,-487,-335,-473,-423,-577,-431,-429,-478,-769,-284,-279,-313,-272,-312,-431,-475,-496,-511,-562,-543,-535,-557]} 1. e4 d6 2. Nf3 Nf6 3. Nc3 e5 4. g3 Be7 5. Bg2 O-O 6. d3 c6 7. O-O Nbd7 8. h3 Qc7 9. Nh2 b5 10. f4 b4 11. Ne2 d5 12. fxe5 Nxe5 13. Bf4 Qb6+ 14. Kh1 Ng6 15. exd5 Nxd5 16. Bd2 Bd6 17. Nf3 Bd7 18. d4 Qc7 19. Qe1 Rae8 20. Qf2 Nf6 21. Nfg1 Ne4 22. Bxe4 Rxe4 23. Rae1 c5 24. c3 cxd4 25. cxd4 Qc4 26. b3 Qd5 27. Kh2 Bc6 28. Nf3 Qh5 29. Nc1 Rxe1 30. Nxe1 Bd7 31. Qg2 Re8 32. Ncd3 Nh4 33. Qb7 Bxh3 34. Nf4 Bxf4 35. Rxf4 Nf5 36. Re4 Rf8 37. Re5 Bg4+ 38. Kg1 Qh3 39. Bf4 g5 40. Rxf5 Bxf5 41. Be5 a5 42. Qd5 Qg4 43. Qd6 f6 44. Bxf6 Qe4 45. Nd3 Rxf6 46. Qxf6 Qxd3 47. Qxg5+ Kf7 48. Qf4 Qb1+ 49. Kf2 Qxa2+ 50. Ke1 Qb1+ 51. Kf2 Qc2+ 52. Kf1 Qe4 53. Qc7+ Kg6 54. Qb6+ Kg5 55. Qxa5 Qf3+ 56. Ke1 Qxg3+ 57. Kd1 Qxb3+ 58. Ke1 Qe3+ 59. Kf1 Qxd4 60. Qb5 Qd3+ 0-1

[Event "Thüringenliga 2024/25"]
[Site "?"]
[Date "2025.03.02"]
[Round "6.4"]
[White "Philipp, Michael"]
[Black "Zeidler, Andreas"]
[Result "1-0"]
[WhiteElo "2033"]
[BlackElo "1996"]
[PlyCount "65"]
[EventDate "2024.09.15"]
[EventType "team-tourn"]
[EventRounds "9"]
[WhiteTeam "SSV Vimaria 91 Weimar"]
[BlackTeam "SV 1861 Liebschwitz"]

{[%evp 0,27,20,18,19,16,48,39,55,52,54,48,60,55,79,36,52,16,0,-16,-26,-54,-58,-64,-56,-112,-90,-102,-40,-27]} 1. e4 e6 2. d4 b6 3. Bd3 Bb7 4. Nf3 Nf6 5. Qe2 d6 6. O-O Be7 7. e5 Nfd7 8. c4 dxe5 9. d5 exd5 10. Nxe5 Nxe5 11. Qxe5 O-O 12. Qg3 dxc4 13. Bxc4 Bd6 14. Bf4 Bxf4 15. Qxf4 Ba6 16. Qf3 Bxc4 17. Rd1 Bd5 18. Rxd5 Qe7 19. Nc3 Na6 20. Rd4 Nc5 21. b4 Ne6 22. Nd5 Qg5 23. Rg4 Qe5 24. Rd1 Kh8 25. Rh4 h6 26. Rh5 Ng5 27. Qg4 c6 28. f4 Qe6 29. f5 Qe5 30. Qxg5 cxd5 31. Rxh6+ gxh6 32. Qxh6+ Kg8 33. f6 1-0

[Event "Thüringenliga 2024/25"]
[Site "?"]
[Date "2025.03.02"]
[Round "6.5"]
[White "Biel, Maik"]
[Black "Riedel, Finn"]
[Result "0-1"]
[WhiteElo "1959"]
[BlackElo "1994"]
[PlyCount "46"]
[EventDate "2024.09.15"]
[EventType "team-tourn"]
[EventRounds "9"]
[WhiteTeam "SV 1861 Liebschwitz"]
[BlackTeam "SSV Vimaria 91 Weimar"]

{[%evp 0,46,12,41,13,19,29,-63,35,10,47,42,48,172,54,42,28,0,-1,-1,0,-5,6,-8,57,58,70,63,80,86,88,99,105,111,115,78,78,116,116,-59,-51,-250,-235,-567,-357,-647,-602,-602,-509]} 1. d4 Nf6 2. c4 c5 3. d5 b5 4. cxb5 a6 5. bxa6 Bxa6 6. Nc3 d6 7. g3 g6 8. h4 Bg7 9. Nh3 Nbd7 10. Nf4 Qb6 11. h5 gxh5 12. Nxh5 Nxh5 13. Rxh5 h6 14. Qc2 Rb8 15. Bh3 Ne5 16. Kf1 Nf3 17. Qe4 Nd4 18. Rb1 Qb4 19. Bg5 O-O 20. Rxh6 Bxh6 21. a3 Nxe2 22. Qxe7 Nxc3+ 23. Kg1 Qe4 0-1

[Event "Thüringenliga 2024/25"]
[Site "?"]
[Date "2025.03.02"]
[Round "6.6"]
[White "Homberger, Jan"]
[Black "Kastner, Peter"]
[Result "1/2-1/2"]
[WhiteElo "1908"]
[BlackElo "1954"]
[PlyCount "53"]
[EventDate "2024.09.15"]
[EventType "team-tourn"]
[EventRounds "9"]
[WhiteTeam "SSV Vimaria 91 Weimar"]
[BlackTeam "SV 1861 Liebschwitz"]

{[%evp 0,35,11,-2,24,1,-4,-2,7,9,13,18,17,18,19,26,44,37,43,46,63,65,37,67,41,55,40,40,37,34,32,25,14,24,14,1,-22,1]} 1. Nf3 d5 2. g3 Nf6 3. Bg2 c6 4. O-O Bg4 5. h3 Bh5 6. d3 Nbd7 7. c4 Bxf3 8. Bxf3 dxc4 9. dxc4 Ne5 10. Qb3 Nxf3+ 11. exf3 Qb6 12. Be3 Qxb3 13. axb3 a6 14. b4 e6 15. b5 cxb5 16. cxb5 Be7 17. Rc1 Nd5 18. bxa6 bxa6 19. Rc6 Nb4 20. Rc7 Bd6 21. Rb7 O-O 22. Ra4 Rfb8 23. Rxb8+ Rxb8 24. Nd2 Rc8 25. Bd4 Rc6 26. f4 h5 27. Nf3 1/2-1/2

[Event "Thüringenliga 2024/25"]
[Site "?"]
[Date "2025.03.02"]
[Round "6.7"]
[White "Meissner, Steffen"]
[Black "Günther, Andreas"]
[Result "1/2-1/2"]
[WhiteElo "1784"]
[BlackElo "2110"]
[PlyCount "66"]
[EventDate "2024.09.15"]
[EventType "team-tourn"]
[EventRounds "9"]
[WhiteTeam "SV 1861 Liebschwitz"]
[BlackTeam "SSV Vimaria 91 Weimar"]

{[%evp 0,34,14,3,11,-2,30,34,38,37,-9,36,49,37,14,34,34,41,40,48,43,32,38,39,32,52,59,39,38,35,18,-23,39,36,28,32,26]} 1. e4 d5 2. exd5 Qxd5 3. Nc3 Qa5 4. d4 Nf6 5. Nf3 c6 6. Bd2 Bf5 7. Bc4 Qc7 8. Ne5 e6 9. g4 Bg6 10. h4 Nbd7 11. Nxg6 hxg6 12. g5 Nd5 13. Nxd5 cxd5 14. Bb3 Bd6 15. Qe2 O-O-O 16. O-O-O Bf4 17. Kb1 Bxd2 18. Qxd2 Nb6 19. Qe3 Kb8 20. c3 Nc8 21. Bc2 Nd6 22. Qe5 Ne8 23. Qe3 Rh7 24. Rh3 Nd6 25. Bd3 Rdh8 26. Rdh1 Nc8 27. Qf3 Rh5 28. Qe3 Ne7 29. Kc2 Qd6 30. f4 Kc7 31. Qf2 Nf5 32. Be2 R5h7 33. Kb1 Kd7 1/2-1/2

[Event "Thüringenliga 2024/25"]
[Site "?"]
[Date "2025.03.02"]
[Round "6.8"]
[White "Albrecht, Jürgen"]
[Black "Müller, Gunther"]
[Result "1-0"]
[WhiteElo "1965"]
[BlackElo "1724"]
[PlyCount "27"]
[EventDate "2024.09.15"]
[EventType "team-tourn"]
[EventRounds "9"]
[WhiteTeam "SSV Vimaria 91 Weimar"]
[BlackTeam "SV 1861 Liebschwitz"]

{[%evp 0,16,20,0,21,65,9,26,15,14,14,36,26,26,63,55,64,69,161]} 1. e4 c5 2. Nf3 Nc6 3. d4 cxd4 4. Nxd4 Nf6 5. Nc3 d6 6. Bc4 a6 7. Nxc6 bxc6 8. e5 Ng8 9. Qf3 d5 10. Nxd5 cxd5 11. Bxd5 Ra7 12. Bxf7+ Kd7 13. e6+ Kc7 14. Bf4+ 1-0

[Event "Thüringenliga 2024/25"]
[Site "?"]
[Date "2025.03.02"]
[Round "6.2"]
[White "Junge, Mattheo Gabriel"]
[Black "Helmsdorf, Marius"]
[Result "1/2-1/2"]
[WhiteElo "1874"]
[BlackElo "1994"]
[PlyCount "95"]
[EventDate "2024.09.15"]
[EventType "team-tourn"]
[EventRounds "9"]
[WhiteTeam "SV Schott Jena"]
[BlackTeam "ESV Gera"]

1. e4 e6 2. d4 d5 3. e5 c5 4. c3 Nc6 5. Nf3 Bd7 6. Be2 Nge7 7. Na3 cxd4 8. cxd4 Qb6 9. O-O Rc8 10. Nc2 Nf5 11. g4 Nfe7 12. Kh1 h5 13. Ng5 f6 14. exf6 gxf6 15. Nh3 e5 16. Be3 Qc7 17. dxe5 fxe5 18. Na3 a6 19. f4 hxg4 20. Bxg4 Bxg4 21. Qxg4 Qd7 22. f5 d4 23. Bd2 e4 24. Nc4 e3 25. Nb6 Qd8 26. Nxc8 Qxc8 27. Be1 Ne5 28. Qe4 Qc6 29. Qxc6+ N7xc6 30. Nf4 d3 31. Bc3 e2 32. Rg1 Bc5 33. Rg7 Nf3 34. Rg2 Rf8 35. Ne6 Bb4 36. Rf2 Bxc3 37. bxc3 Rg8 38. Rxf3 d2 39. Rff1 Rg4 40. Rfe1 Re4 41. Nc5 Re3 42. Nb3 dxe1=Q+ 43. Rxe1 Ke7 44. Nc1 Rxc3 45. Nxe2 Rc2 46. a4 b5 47. axb5 axb5 48. Rc1 1/2-1/2

[Event "Thüringenliga 2024/25"]
[Site "?"]
[Date "2025.03.02"]
[Round "6.3"]
[White "Puschendorf, Steffen"]
[Black "Schlick, Stefan"]
[Result "1/2-1/2"]
[WhiteElo "1970"]
[BlackElo "2021"]
[PlyCount "107"]
[EventDate "2024.09.15"]
[EventType "team-tourn"]
[EventRounds "9"]
[WhiteTeam "ESV Gera"]
[BlackTeam "SV Schott Jena"]

1. d4 Nf6 2. Nf3 e6 3. c4 b6 4. a3 Bb7 5. Nc3 Ne4 6. Nxe4 Bxe4 7. e3 Be7 8. Be2 d5 9. O-O O-O 10. b3 Nd7 11. Bb2 Rc8 12. Nd2 Bf5 13. cxd5 exd5 14. Ba6 Rb8 15. Qe2 Nf6 16. f3 c5 17. Kh1 Re8 18. Bd3 Bd7 19. Qf2 cxd4 20. Bxd4 Bc5 21. b4 Bxd4 22. exd4 Rc8 23. Rac1 Qe7 24. Rxc8 Rxc8 25. Re1 Qd6 26. Qe3 Qe6 27. Qf2 Qd6 28. Nb1 g6 29. Qd2 Nh5 30. Rc1 Rxc1+ 31. Qxc1 Qf4 32. Qc3 Qe3 33. Ba6 Qf2 34. Qd2 Qxd2 35. Nxd2 Bc6 36. Kg1 Kf8 37. Bd3 Nf4 38. Bf1 Ba4 39. Kf2 Ne6 40. Ke3 Ke7 41. Nb1 Kd6 42. Nc3 Bc6 43. g3 Nc7 44. h4 Bd7 45. b5 h6 46. a4 Bf5 47. g4 Bc2 48. Kd2 Bb3 49. Bd3 g5 50. hxg5 hxg5 51. Ke3 Ne8 52. Bb1 Nc7 53. Bf5 a5 54. Bd3 1/2-1/2

[Event "Thüringenliga 2024/25"]
[Site "?"]
[Date "2025.03.02"]
[Round "6.5"]
[White "Barz, Henrik"]
[Black "Babrikowski, Peter"]
[Result "0-1"]
[WhiteElo "1847"]
[BlackElo "2031"]
[PlyCount "76"]
[EventDate "2024.09.15"]
[EventType "team-tourn"]
[EventRounds "9"]
[WhiteTeam "ESV Gera"]
[BlackTeam "SV Schott Jena"]

1. e4 c5 2. Nf3 e6 3. d4 cxd4 4. Nxd4 Nc6 5. Nc3 Nf6 6. Nxc6 bxc6 7. e5 Nd5 8. Ne4 f5 9. Ng5 Bb4+ 10. c3 Be7 11. h4 Qc7 12. f4 Qb6 13. Qh5+ g6 14. Qe2 Bb7 15. h5 Bxg5 16. fxg5 O-O-O 17. c4 Ne7 18. Be3 Qa5+ 19. Kf2 Qxe5 20. Bxa7 Qf4+ 21. Kg1 gxh5 22. b4 Ng6 23. a4 Qxg5 24. Be3 f4 25. Bc5 Qf6 26. Ra3 d6 27. Bb6 Rdf8 28. a5 Ne5 29. a6 Ba8 30. Rhh3 Rhg8 31. Rhf3 Nxf3+ 32. Qxf3 Kd7 33. c5 Rg3 34. Qd1 Rxa3 35. Qxd6+ Ke8 36. b5 f3 37. g3 Ra1 38. bxc6 Rxf1+ 0-1

[Event "Thüringenliga 2024/25"]
[Site "?"]
[Date "2025.03.02"]
[Round "6.7"]
[White "Hanmuradov, Ülwi"]
[Black "Jung, Florian"]
[Result "1/2-1/2"]
[WhiteElo "1698"]
[BlackElo "1960"]
[PlyCount "72"]
[EventDate "2024.09.15"]
[EventType "team-tourn"]
[EventRounds "9"]
[WhiteTeam "ESV Gera"]
[BlackTeam "SV Schott Jena"]

1. d4 Nf6 2. c4 e6 3. Nf3 d5 4. Nc3 Be7 5. Bg5 O-O 6. e3 c6 7. Be2 Nbd7 8. O-O Re8 9. Rc1 b6 10. Qc2 Bb7 11. Rfd1 Rc8 12. e4 Nxe4 13. Bxe7 Qxe7 14. Nxe4 dxe4 15. Qxe4 Nf6 16. Qc2 c5 17. h3 Be4 18. Qb3 Red8 19. Qe3 h6 20. a3 a5 21. dxc5 bxc5 22. Rd2 Rxd2 23. Qxd2 Qc7 24. b4 Rd8 25. Qc3 axb4 26. axb4 cxb4 27. Qxb4 Qf4 28. Ra1 Bxf3 29. Bxf3 Rd4 30. Ra8+ Kh7 31. Qb1+ g6 32. Qb7 Ne4 33. Qc8 Rd1+ 34. Bxd1 Qxf2+ 35. Kh1 Ng3+ 36. Kh2 Nf1+ 1/2-1/2

[Event "Thüringenliga 2024/25"]
[Site "?"]
[Date "2025.03.02"]
[Round "6.8"]
[White "Brömel, Richard"]
[Black "Kupper, Matthias"]
[Result "1-0"]
[WhiteElo "2001"]
[BlackElo "1748"]
[PlyCount "35"]
[EventDate "2024.09.15"]
[EventType "team-tourn"]
[EventRounds "9"]
[WhiteTeam "SV Schott Jena"]
[BlackTeam "ESV Gera"]

1. d4 d5 2. Nf3 e6 3. Bf4 Nf6 4. e3 Nbd7 5. Nbd2 c5 6. c3 b6 7. Ne5 Nxe5 8. Bxe5 Be7 9. Bd3 O-O 10. O-O Nd7 11. Nf3 f6 12. Bg3 Bb7 13. c4 Re8 14. cxd5 exd5 15. Qc2 Nf8 16. Bb5 Nd7 17. Qf5 Bc8 18. Qxd5+ 1-0

[Event "Thüringenliga 2024/25"]
[Site "?"]
[Date "2025.03.02"]
[Round "6.1"]
[White "Aniol, Adrian"]
[Black "Berger, Thomas"]
[Result "1/2-1/2"]
[WhiteElo "1960"]
[BlackElo "2111"]
[PlyCount "24"]
[EventDate "2024.09.15"]
[EventType "team-tourn"]
[EventRounds "9"]
[WhiteTeam "VfL 1990 Gera"]
[BlackTeam "fuß brothers Jena"]

1. e4 c6 2. c4 d6 3. Nc3 g6 4. d4 Bg7 5. Be3 Qc7 6. Qd2 h5 7. Be2 Nf6 8. h3 a6 9. Rc1 Qa5 10. Nf3 b5 11. cxb5 axb5 12. Nxb5 Qxd2+ 1/2-1/2

[Event "Thüringenliga 2024/25"]
[Site "?"]
[Date "2025.03.02"]
[Round "6.2"]
[White "Zipfel, Frank"]
[Black "Seidens, Gunter"]
[Result "1/2-1/2"]
[WhiteElo "2008"]
[BlackElo "1929"]
[PlyCount "117"]
[EventDate "2024.09.15"]
[EventType "team-tourn"]
[EventRounds "9"]
[WhiteTeam "fuß brothers Jena"]
[BlackTeam "VfL 1990 Gera"]

1. e4 d6 2. d4 Nf6 3. Nc3 g6 4. Be3 Ng4 5. Bg5 f6 6. Bc1 c6 7. h3 Nh6 8. Be3 b5 9. Qd2 Nf7 10. d5 b4 11. Nce2 c5 12. Nf4 Qb6 13. Ne6 a5 14. f4 Ba6 15. Nf3 Bxf1 16. Rxf1 Na6 17. a3 Ra7 18. Kf2 Bh6 19. g4 Nd8 20. g5 Nxe6 21. gxh6 Nec7 22. e5 Kd7 23. e6+ Kc8 24. f5 gxf5 25. Nh4 Qb7 26. Rad1 Rg8 27. Rg1 Rxg1 28. Kxg1 f4 29. Bxf4 bxa3 30. bxa3 Nb5 31. Rb1 Nb4 32. axb4 axb4 33. Nf5 Nc3 34. Qxc3 bxc3 35. Rxb7 Rxb7 36. Ne3 Rb4 37. Bg3 Kc7 38. Kf2 Rb1 39. Nf5 Kd8 40. Ke2 Rh1 41. h4 Rc1 42. Ne3 Rg1 43. Be1 Rg6 44. Nf5 Rg4 45. Bg3 Rb4 46. Kd3 Rb1 47. Ne3 Rg1 48. Bf2 Rg6 49. Nf5 Rg4 50. Be3 Ra4 51. h5 Rg4 52. Bc1 Rg1 53. Be3 Rg4 54. Ng7 Ra4 55. Kxc3 Rg4 56. Kd3 Rh4 57. c4 Rg4 58. Nf5 Ke8 59. Ng7+ 1/2-1/2

[Event "Thüringenliga 2024/25"]
[Site "?"]
[Date "2025.03.02"]
[Round "6.3"]
[White "Huster, Mike"]
[Black "Latka, Richard"]
[Result "0-1"]
[WhiteElo "1932"]
[BlackElo "1903"]
[PlyCount "96"]
[EventDate "2024.09.15"]
[EventType "team-tourn"]
[EventRounds "9"]
[WhiteTeam "VfL 1990 Gera"]
[BlackTeam "fuß brothers Jena"]

1. d4 Nf6 2. Nf3 g6 3. c4 Bg7 4. Nc3 d5 5. Qb3 dxc4 6. Qxc4 O-O 7. e4 Nbd7 8. h3 Re8 9. Bf4 c6 10. Rd1 Qb6 11. Rd2 Nh5 12. Be3 Qc7 13. Ng5 e6 14. Be2 Ng3 15. Rg1 Nxe2 16. Rxe2 h6 17. Nf3 e5 18. d5 Nb6 19. Qb3 cxd5 20. exd5 Bd7 21. Nd2 Kh7 22. a4 Nxa4 23. Nde4 Nxc3 24. Nxc3 f5 25. f3 e4 26. f4 Rac8 27. Kf2 b6 28. Rc1 Qd6 29. Ra1 Rc7 30. Ra3 Rec8 31. Rc2 Be8 32. Ra6 Bf7 33. Qa4 Qe7 34. Bd4 Bxd5 35. Bxg7 Qxg7 36. Qb4 Bc4 37. Ra3 Qd4+ 38. Kg3 Qe3+ 39. Kh2 Qxf4+ 40. Kh1 Qf1+ 41. Kh2 Bd3 42. Nd5 Bxc2 43. Rc3 Rc5 44. Nf6+ Kg7 45. Qd4 Qf4+ 46. Kh1 Qe5 47. Nh5+ gxh5 48. Rg3+ Kf6 0-1

[Event "Thüringenliga 2024/25"]
[Site "?"]
[Date "2025.03.02"]
[Round "6.4"]
[White "Wicklein, Stefan"]
[Black "Aniol, Nico"]
[Result "1/2-1/2"]
[WhiteElo "1940"]
[BlackElo "1983"]
[PlyCount "144"]
[EventDate "2024.09.15"]
[EventType "team-tourn"]
[EventRounds "9"]
[WhiteTeam "fuß brothers Jena"]
[BlackTeam "VfL 1990 Gera"]

1. d4 d5 2. c4 e6 3. Nf3 Nf6 4. g3 g6 5. Bg2 Bg7 6. O-O O-O 7. Qc2 Nbd7 8. Rd1 c6 9. b3 Re8 10. Bb2 b6 11. Nc3 Ba6 12. cxd5 cxd5 13. Rac1 Qe7 14. Ne5 Nxe5 15. dxe5 Ng4 16. e4 d4 17. Rxd4 Nxe5 18. Rdd1 Red8 19. Bf1 Nf3+ 20. Kg2 Bxf1+ 21. Rxf1 Rd2 22. Qb1 Ng5 23. Rc2 Qf6 24. h4 Qf3+ 25. Kh2 Bxc3 26. hxg5 Rxc2 27. Qxc2 Bxb2 28. Qxb2 Qh5+ 29. Kg2 Qxg5 30. Rc1 Qe7 31. Qe5 Rf8 32. Rc7 Qa3 33. Rc2 Qa6 34. Qc7 Qa5 35. Qc3 Qxc3 36. Rxc3 f6 37. f4 Rf7 38. Rc6 Re7 39. e5 fxe5 40. fxe5 Kf7 41. Kf3 g5 42. g4 h6 43. Rc8 Rd7 44. Rh8 Rd3+ 45. Ke4 Rg3 46. Rxh6 Rxg4+ 47. Ke3 a5 48. Rf6+ Ke7 49. Rg6 Kd7 50. Kd3 Rg2 51. Kc4 Rg4+ 52. Kd3 b5 53. a4 b4 54. Ke3 Rg3+ 55. Kd4 Rxb3 56. Rxg5 Ra3 57. Rg7+ Ke8 58. Kc5 Rxa4 59. Kd6 b3 60. Kxe6 Kf8 61. Rf7+ Kg8 62. Rf1 Rb4 63. Rg1+ Kh7 64. Rh1+ Kg7 65. Rg1+ Kh6 66. Kf6 Rf4+ 67. Ke7 a4 68. e6 b2 69. Kd7 a3 70. e7 Rd4+ 71. Ke6 Re4+ 72. Kf6 Kh7 1/2-1/2

[Event "Thüringenliga 2024/25"]
[Site "?"]
[Date "2025.03.02"]
[Round "6.5"]
[White "Schönfeld, Volker"]
[Black "Richter, Sebastian"]
[Result "1/2-1/2"]
[WhiteElo "1825"]
[BlackElo "1857"]
[PlyCount "57"]
[EventDate "2024.09.15"]
[EventType "team-tourn"]
[EventRounds "9"]
[WhiteTeam "VfL 1990 Gera"]
[BlackTeam "fuß brothers Jena"]

1. d4 Nf6 2. c4 e6 3. Nf3 d5 4. Bg5 Be7 5. e3 h6 6. Bh4 O-O 7. Nc3 b6 8. cxd5 Nxd5 9. Bxe7 Qxe7 10. Nxd5 exd5 11. Be2 Be6 12. O-O c5 13. Rc1 Nd7 14. h3 Rfd8 15. Qa4 c4 16. b3 a6 17. bxc4 dxc4 18. e4 b5 19. Qa5 Nf6 20. d5 Bxh3 21. gxh3 Qxe4 22. Rfe1 Rxd5 23. Rcd1 Qg6+ 24. Kh1 Qf5 25. Rxd5 Nxd5 26. Rd1 Re8 27. Qd2 Qxh3+ 28. Nh2 Nf6 29. Bf3 1/2-1/2

[Event "Thüringenliga 2024/25"]
[Site "?"]
[Date "2025.03.02"]
[Round "6.6"]
[White "Latka, Robert"]
[Black "Pekrul, Jürgen"]
[Result "1-0"]
[WhiteElo "1890"]
[BlackElo "1822"]
[PlyCount "71"]
[EventDate "2024.09.15"]
[EventType "team-tourn"]
[EventRounds "9"]
[WhiteTeam "fuß brothers Jena"]
[BlackTeam "VfL 1990 Gera"]

1. e4 c5 2. Nf3 Nc6 3. d4 cxd4 4. Nxd4 e5 5. Nb5 d6 6. c4 a6 7. N5c3 Nf6 8. Be2 Nd4 9. O-O Be7 10. Na3 O-O 11. Nc2 Nxe2+ 12. Qxe2 Be6 13. Ne3 Rc8 14. a4 Rc7 15. Rd1 Qc8 16. b3 Rd8 17. Ned5 Bxd5 18. Nxd5 Nxd5 19. Rxd5 Rc5 20. Rd1 Qe6 21. Be3 Rc6 22. Rd5 f5 23. f3 fxe4 24. fxe4 Qg6 25. Qd3 Bg5 26. Bf2 Rf8 27. Rd1 Be7 28. b4 Rf4 29. b5 axb5 30. axb5 Rc8 31. c5 dxc5 32. Rxe5 c4 33. Qd5+ Qf7 34. Rxe7 Rxf2 35. Rxf7 Rxf7 36. Rf1 1-0

[Event "Thüringenliga 2024/25"]
[Site "?"]
[Date "2025.03.02"]
[Round "6.7"]
[White "Drechsel, Uwe"]
[Black "Götting, Danilo"]
[Result "1-0"]
[WhiteElo "1843"]
[BlackElo "1725"]
[PlyCount "85"]
[EventDate "2024.09.15"]
[EventType "team-tourn"]
[EventRounds "9"]
[WhiteTeam "VfL 1990 Gera"]
[BlackTeam "fuß brothers Jena"]

1. e4 e6 2. d4 d5 3. Nc3 Bb4 4. e5 c5 5. a3 Bxc3+ 6. bxc3 Ne7 7. Nf3 b6 8. a4 O-O 9. Bd3 h6 10. h4 Ba6 11. h5 Bxd3 12. Qxd3 Nd7 13. Ba3 Qc7 14. O-O f6 15. Rae1 f5 16. Ra1 Rfc8 17. Rfe1 Qd8 18. Qe2 Qe8 19. dxc5 Nxc5 20. Nd4 Qf7 21. Nb5 Rd8 22. Nd6 Qf8 23. Bxc5 bxc5 24. Qa6 Rdb8 25. Rab1 Nc8 26. Rb7 Nxd6 27. exd6 Qc8 28. Rxb8 Qxb8 29. Rxe6 Qb1+ 30. Kh2 Qc1 31. Qe2 Rd8 32. Re8+ Rxe8 33. Qxe8+ Kh7 34. Qg6+ Kh8 35. Qxf5 Qe1 36. d7 Qe7 37. Qxd5 Qd8 38. Qe6 Qh4+ 39. Kg1 Qg5 40. Qe8+ Kh7 41. Qg6+ Qxg6 42. hxg6+ Kg8 43. d8=Q# 1-0

[Event "Thüringenliga 2024/25"]
[Site "?"]
[Date "2025.03.02"]
[Round "6.8"]
[White "Richter, Jan"]
[Black "Piontek, Michael"]
[Result "1-0"]
[WhiteElo "1882"]
[BlackElo "1801"]
[PlyCount "91"]
[EventDate "2024.09.15"]
[EventType "team-tourn"]
[EventRounds "9"]
[WhiteTeam "fuß brothers Jena"]
[BlackTeam "VfL 1990 Gera"]

1. Nf3 Nf6 2. g3 g6 3. c4 Bg7 4. Bg2 d6 5. d4 O-O 6. O-O Nbd7 7. Nc3 a6 8. e4 c5 9. h3 cxd4 10. Nxd4 Ne5 11. b3 Bd7 12. Be3 Rc8 13. Rc1 Nc6 14. Qd2 Nxd4 15. Bxd4 b5 16. cxb5 axb5 17. Rc2 b4 18. Bxf6 bxc3 19. Bxc3 Bxc3 20. Rxc3 Qa5 21. Rc2 Qa7 22. Rfc1 Rxc2 23. Rxc2 Be6 24. Qc3 Rc8 25. Qd3 Rc5 26. Rxc5 Qxc5 27. Qd2 f6 28. Kh2 Kf7 29. Bf3 Qc8 30. Be2 Qc5 31. Bf1 Qe5 32. Qc2 h5 33. Bc4 h4 34. Bxe6+ Kxe6 35. f4 hxg3+ 36. Kxg3 Qa5 37. Qc4+ Kd7 38. Qa4+ Qxa4 39. bxa4 e6 40. h4 f5 41. exf5 exf5 42. Kf3 Kc6 43. Ke3 Kc5 44. Kd3 Kd5 45. a5 Kc5 46. a6 1-0

[Event "Landesklasse Ost 2024/25"]
[Site "?"]
[Date "2025.03.02"]
[Round "6.1"]
[White "Besancon, Pascal"]
[Black "Sondermann, Johannes"]
[Result "1-0"]
[WhiteElo "1867"]
[BlackElo "2019"]
[PlyCount "77"]
[EventDate "2024.09.15"]
[EventType "team-tourn"]
[EventRounds "9"]
[WhiteTeam "Schachklub Weida"]
[BlackTeam "Meuselwitzer SV"]

{[%evp 0,77,28,25,31,58,47,13,23,22,13,12,34,41,32,13,8,1,44,0,-1,-19,-9,6,-1,-1,12,16,2,-9,1,0,-10,-3,-1,0,0,-19,1,-11,71,2,29,23,59,63,74,71,84,64,79,82,90,94,72,72,77,54,97,90,207,186,387,384,644,672,676,676,680,680,677,882,959,1005,1115,1229,1230,1263,1703,28570]} 1. e4 c5 2. Nc3 Nc6 3. g3 g6 4. Bg2 Bg7 5. Nge2 e6 6. d3 Nge7 7. O-O O-O 8. Be3 Nd4 9. Qd2 d6 10. Nd1 Nec6 11. c3 Nxe2+ 12. Qxe2 b6 13. f4 Ba6 14. Nf2 d5 15. e5 Rc8 16. Rad1 f6 17. exf6 Qxf6 18. Rfe1 Rfe8 19. Bc1 Qd8 20. Ng4 d4 21. c4 b5 22. b3 bxc4 23. bxc4 Qc7 24. Nf2 e5 25. Ne4 exf4 26. Bxf4 Ne5 27. Rb1 h6 28. g4 g5 29. Bg3 Rb8 30. Rxb8 Rxb8 31. Nxc5 Qxc5 32. Bd5+ Qxd5 33. cxd5 Bxd3 34. Qg2 Re8 35. d6 Bc4 36. d7 Rd8 37. Bxe5 Rxd7 38. Bxg7 Kxg7 39. Qc6 1-0